Footy Tenaball #5 - Statistics

General Stats
  • This quiz has been taken 98 times
  • The average score is 5 of 10
Answer Stats
Hint Answer % Correct
#2 Manchester United
100%
#1 Newcastle United
91%
#3 Leeds United
69%
#4 West Ham United
59%
#5 Sheffield United
57%
#8 Cambridge United
20%
#6 Rotherham United
20%
#7 Peterborough United
17%
#10 Carlisle United
13%
#9 Colchester United
13%
No matching quizzes found
Score Distribution
Percent of People with Each Score
Percentile by Number Answered
Your Score History
You have not taken this quiz